000 01174cam a2200193 4500
001 WB3844-15
008 021128n2002 000 0 eng u
035 _a(Sirsi) u120605
245 _aTenancy deposits consultation launched
260 _c2002
490 _aODPM News Release
_v (125) 28 November 2002, (3)
520 _a"Tenancy money: probity and protection" consultation paper has been published to investigate whether resolution of disputes between private landlords and tenants over tenency deposits should become subject of statutory regulation. Considers how letting agents treat clients' money, measures to improve deposit management, mandatory deposit protection schemes in other countries, and outcome of a pilot tenancy deposit scheme managed by Independent Housing Ombudsman. Copies of consultation paper obtainable from t +44 (0)870 1226 236 or download from www.housing.odpm.gov.uk/information/consult/tenancydeposit/index.htm ODPM News Release www.odpm.gov.uk/news/0211/0125.htm
590 _aWB
650 _aTENANCY DEPOSIT SCHEME (TDS)
650 _aDEPOSITS
650 _aLETTING AGENTS
690 _aPROPERTY-LANDLORD AND TENANT
942 _n0
999 _c71660
_d71660